000 00369nam a2200145Ia 4500
008 240624s9999 xx 000 0 und d
041 _aeng
082 _a658.4 MCG
100 _aMCGRATH E H
245 _aBASIC MANAGERIAL SKILLS FOR ALL
250 _a(7th ed.)
260 _c2008
_aNew Delhi
_bPrentice-Hall of India
300 _a783 : p. : cm. ; 26
365 _cRS
_b36
999 _c9906
_d9906